Working class family income and expenditure survey, Bhopal (Record no. 491986)

000 -LEADER
fixed length control field 00447cam a22001217a 4500
008 - FIXED-LENGTH DATA ELEMENTS--GENERAL INFORMATION
fixed length control field 180718b-- xxu||||| |||| 00| 0 eng d
082 ## - DEWEY DECIMAL CLASSIFICATION NUMBER
Classification number XA94068x5422 W892/B
100 ## - MAIN ENTRY--PERSONAL NAME
Personal name India. Ministry of Labour and Employment. Labour Bureau
245 ## - TITLE STATEMENT
Title Working class family income and expenditure survey, Bhopal
260 ## - PUBLICATION, DISTRIBUTION, ETC.
Place of publication, distribution, etc. Delhi
Name of publisher, distributor, etc. The Controller of Publications
Date of publication, distribution, etc. --
500 ## - GENERAL NOTE
General note Library has 1999/2000
650 ## - SUBJECT ADDED ENTRY--TOPICAL TERM
Topical term or geographic name entry element Households - India - Madhya Pradesh - Bhopal
Holdings
Withdrawn status Lost status Damaged status Not for loan Permanent Location Current Location Date acquired Full call number Barcode Date last seen Price effective from Koha item type
        Indian Institute of Public Administration Indian Institute of Public Administration 2018-08-04 XA94068x5422 W892/B GG29233 2018-08-04 2018-08-04 GG

Powered by Koha